The secret / (Record no. 31092)

MARC details
000 -LEADER
fixed length control field 01368cam a2200349 a 4500
001 - CONTROL NUMBER
control field 56950
003 - CONTROL NUMBER IDENTIFIER
control field OSt
005 - DATE AND TIME OF LATEST TRANSACTION
control field 20250902025612.0
008 - FIXED-LENGTH DATA ELEMENTS--GENERAL INFORMATION
fixed length control field 920413s1992 nyu 000 1 eng d
010 ## - LIBRARY OF CONGRESS CONTROL NUMBER
LC control number 98816394
020 ## - INTERNATIONAL STANDARD BOOK NUMBER
International Standard Book Number 9780671744212 (pbk.)
020 ## - INTERNATIONAL STANDARD BOOK NUMBER
International Standard Book Number 0671744216 (pbk.)
035 ## - SYSTEM CONTROL NUMBER
System control number (SKY)202710451
035 ## - SYSTEM CONTROL NUMBER
System control number (OCoLC)25640548
040 ## - CATALOGING SOURCE
Original cataloging agency ZZC
Language of cataloging eng
Description conventions rda
Transcribing agency ZZC
Modifying agency SVP
-- UKM
-- OCL
-- OCLCQ
-- BAKER
-- BTCTA
-- CoLwJCPL
-- SKYRV
-- CoLwJCPL
-- SKYRV
-- COB
043 ## - GEOGRAPHIC AREA CODE
Geographic area code e-uk-st
092 ## - LOCALLY ASSIGNED DEWEY CALL NUMBER (OCLC)
Classification number Garwood,
Item number J.
100 1# - MAIN ENTRY--PERSONAL NAME
Personal name Garwood, Julie,
Relator term author.
245 14 - TITLE STATEMENT
Title The secret /
Statement of responsibility, etc. Julie Garwood.
300 ## - PHYSICAL DESCRIPTION
Extent 379 pages ;
Dimensions 18 cm.
490 1# - SERIES STATEMENT
Series statement [A Highlands' Lairds novel ;
Volume/sequential designation bk. 1]
500 ## - GENERAL NOTE
General note Includes preview of the author's Heartbreaker.
500 ## - GENERAL NOTE
General note "... inspired Ransom"--Cover.
500 ## - GENERAL NOTE
General note Series added by cataloger.
520 ## - SUMMARY, ETC.
Summary, etc. Proud, beautiful Judith Hampton journeys from her English home to meet the father she has never known. But even her escort, the powerful Laird Iain Maitland, cannot prepare Judith for the truth about her father--and the devastating secret that might change her life forever.
651 #0 - SUBJECT ADDED ENTRY--GEOGRAPHIC NAME
Geographic name Highlands (Scotland)
Form subdivision Fiction.
651 #0 - SUBJECT ADDED ENTRY--GEOGRAPHIC NAME
Geographic name Scotland
General subdivision Social life and customs
Chronological subdivision To 1603
Form subdivision Fiction.
655 #7 - INDEX TERM--GENRE/FORM
Genre/form data or focus term Fiction.
Source of term lcgft.
800 1# - SERIES ADDED ENTRY--PERSONAL NAME
Personal name Garwood, Julie.
Title of a work Highlands' Lairds ;
Volume/sequential designation bk. 1.
907 ## - LOCAL DATA ELEMENT G, LDG (RLIN)
a .b144909716
942 ## - ADDED ENTRY ELEMENTS (KOHA)
Koha item type Libro/Book
Holdings
Withdrawn status Lost status Damaged status Not for loan Home library Current library Date acquired Total Checkouts Full call number Barcode Date last seen Price effective from Koha item type
        San Juan Del Sur -- Biblioteca San Juan Del Sur -- Biblioteca 02/09/2025   F 30023257 02/09/2025 02/09/2025 Libro/Book

Powered by Koha